[Event "Prague Golden op"]
[Site "Prague"]
[Date "2021.07.17"]
[Round "8"]
[White "Bara, Josef Sr"]
[Black "Pazdera, Tomas"]
[Result "0-1"]
[WhiteElo "1406"]
[BlackElo "1905"]
[PlyCount "74"]
[EventDate "2021.07.10"]
[EventType "swiss"]
[EventRounds "9"]
[EventCountry "CZE"]
[SourceTitle "CBM 203 Extra"]
[Source "ChessBase"]
[SourceDate "2021.09.30"]
[SourceVersion "1"]
[SourceVersionDate "2021.09.30"]
[SourceQuality "1"]

1. d4 e6 2. c4 f5 3. Nc3 Nf6 4. Nf3 Bb4 5. Bd2 0-0 6. a3 Bxc3 7. Bxc3 Ne4 8. Rc1 b6 9. e3 d6 10. Be2 Nd7 11. 0-0 Ndf6 12. d5 e5 13. b4 a5 14. b5 Qe7 15. Bb2 Nc5 16. Nd2 Bd7 17. a4 Rae8 18. Re1 g5 19. Ba3 Nfe4 20. Nxe4 Nxe4 21. Bh5 Rd8 22. Be2 Rf6 23. f3 Nc5 24. Bxc5 dxc5 25. Rf1 f4 26. e4 Rh6 27. Rc2 Bc8 28. Rd2 Qg7 29. Rf2 Kf8 30. Rc2 Ke7 31. Rd2 Kd6 32. Rc2 Qg6 33. Rd2 Qh5 34. g3 fxg3 35. f4 gxf2+ 36. Kxf2 Qxh2+ 37. Ke3 Qxf4+ 0-1

[Event "Prague Golden op"]
[Site "Prague"]
[Date "2021.07.14"]
[Round "5"]
[White "Melnikov, Ivan"]
[Black "Pazdera, Tomas"]
[Result "0-1"]
[WhiteElo "1319"]
[BlackElo "1905"]
[PlyCount "120"]
[EventDate "2021.07.10"]
[EventType "swiss"]
[EventRounds "9"]
[EventCountry "CZE"]
[SourceTitle "CBM 203 Extra"]
[Source "ChessBase"]
[SourceDate "2021.09.30"]
[SourceVersion "1"]
[SourceVersionDate "2021.09.30"]
[SourceQuality "1"]

1. e4 d5 2. exd5 Nf6 3. d4 Nxd5 4. c4 Nb6 5. Nf3 g6 6. Nc3 Bg7 7. Be3 0-0 8. Be2 Nc6 9. 0-0 e5 10. d5 Ne7 11. Rc1 Re8 12. Qd2 Nf5 13. c5 Nd7 14. b4 Nxe3 15. Qxe3 f5 16. Rfd1 Qf6 17. Nb5 Qd8 18. c6 Nf6 19. Bc4 Kh8 20. Ng5 Qe7 21. d6 cxd6 22. Nxd6 h6 23. Ngf7+ Kh7 24. Nxe8 Nxe8 25. cxb7 Bxb7 26. Qc5 Qf6 27. Qxe5 Qc6 28. Bd5 Qxc1 29. Rxc1 Bxe5 30. Bxb7 Bf4 31. Bxa8 Bxc1 32. f3 Nc7 33. Bc6 Kg7 34. Nd6 Ba3 35. Nc8 Bxb4 36. Nxa7 Bc5+ 37. Kf1 Bxa7 38. a4 Kf6 39. Ke2 Ke5 40. Kd3 Kd6 41. Bb7 Kc5 42. a5 Kb5 43. a6 Ne6 44. Kc2 Nc5 45. Kc3 Bb8 46. Kd4 Nxb7 47. axb7 Kc6 48. h3 Kd6 49. g4 Ba7+ 50. Kd3 Ke5 51. gxf5 gxf5 52. Ke2 Kf4 53. b8Q+ Bxb8 54. Kf2 Ba7+ 55. Kg2 Bd4 56. h4 h5 57. Kh1 Kxf3 58. Kh2 f4 59. Kh1 Ke2 60. Kh2 f3 0-1